000 00400nam a2200145Ia 4500
008 211109s9999||||xx |||||||||||||| ||und||
082 _a894.8123
_bBAL-E
100 _aBalakrishnan, P K
245 0 _aEni Njan Urangatte
260 _bSAHITHYA PRVARTHAKA SANGHAM
_aKottayam
_c1973
300 _a261p.
630 _xGeneral Stack
650 _aALTAIC
_vURALICDRAVIDIANMALAYALAM
_xMalayalam
942 _cBOOK
999 _c3828
_d3828